Statistics for Guess The U.S. State By Words That Sound Alike

Click here to take the quiz!

General Stats

  • This quiz has been taken 49 times
  • The average score is 43 of 50

Answer Stats

HintAnswer% Correct
Floor duhFlorida
98%
I'd duh hoeIdaho
98%
Ow a bam ahAlabama
96%
A last cutAlaska
96%
Arid zone uhArizona
96%
Ill It noiseIllinois
96%
Call her autoColorado
93%
George uhGeorgia
93%
Huh whyHawaii
93%
New Your kNew York
93%
Arch can sawArkansas
91%
Cow if horn yeahCalifornia
91%
Cut net it kitConnecticut
91%
Dell awareDelaware
91%
Mrs. sippyMississippi
91%
Mon tan uhMontana
91%
Can sisKansas
89%
Can tuck keyKentucky
89%
Mish againMichigan
89%
Min it sodaMinnesota
89%
New jer seeNew Jersey
89%
New mex ecoNew Mexico
89%
North Carol line upNorth Carolina
89%
In the ant uhIndiana
87%
Loo easy AnnaLouisiana
87%
Mare it landMaryland
87%
Massive choose itsMassachusetts
87%
Nuh brass cutNebraska
87%
New hampsterNew Hampshire
87%
Eye a wahIowa
85%
MainMaine
85%
North duh coat uhNorth Dakota
85%
South Carol line upSouth Carolina
85%
Washing tinWashington
85%
Nuh bad uhNevada
83%
Oh hi ohOhio
83%
Or a gunOregon
83%
Pen sill vain yeahPennsylvania
83%
Road I landRhode Island
83%
MiseryMissouri
80%
Oak la home uhOklahoma
80%
South duh coat uhSouth Dakota
80%
Text usTexas
80%
Virgin yaVirginia
78%
Ten I seeTennessee
76%
Ver. MountVermont
76%
West Virgin yaWest Virginia
74%
Why homingWyoming
74%
You thawUtah
72%
Whisk on sinWisconsin
67%

Score Distribution

Percentile by Number Answered

Percent of People with Each Score

Your Score History

You have not taken this quiz